| 000 | 00516cam a2200181ua 4500 | ||
|---|---|---|---|
| 001 | 1529 | ||
| 008 | 110711n ii |||gr||||Z||||||eng | ||
| 040 | _cMAIN | ||
| 082 | _a338.1 | ||
| 100 | 1 |
_aSchuttz, Theodore W., _eAuthor. |
|
| 245 | 1 |
_aThe economics organization of agriculture _cby Theodore W. Schultz |
|
| 250 | _a1st. | ||
| 260 |
_aBombay: _bTata mcgraw hill publishing company ltd. |
||
| 300 |
_axx; 374p: _bill; _c23cm. |
||
| 653 | _aEconomic | ||
| 653 | _aeconomic organization of agriculture | ||
| 942 | _cBK | ||
| 999 |
_c1418 _d1418 |
||